| 000 | 00384nam a2200169Ia 4500 | ||
|---|---|---|---|
| 008 | 210210b1947 xxu||||| |||| 00| 0 eng d | ||
| 041 | _aeng | ||
| 082 | _a821/57 | ||
| 100 | _aBRIDIE (J) | ||
| 245 | _aTedious and brief | ||
| 260 |
_aLondon _bConstatble & Co Ltd. _c1947 |
||
| 650 | _aTedious | ||
| 650 | _abrief | ||
| 650 | _aand | ||
| 690 | _aEnglish Poetry | ||
| 906 | _a011226 | ||
| 999 |
_c129894 _d129894 |
||